Asian Cities by Letter - Statistics

General Stats
  • This quiz has been taken 121 times
    119 since last reset
  • The average score is 18 of 26
Answer Stats
Letter Hint Answer % Correct
B City formerly known as Peking Beijing
99%
O Second largest city in Japan Osaka
97%
T Capital of Japan Tokyo
97%
J City holy to Islam, Judaism, and Christianity Jerusalem
96%
M Largest city in India Mumbai
96%
R Capital of Saudi Arabia Riyadh
95%
D Most polluted city on the planet Delhi
91%
G City northwest of Hong Kong Guangzhou
89%
H City formerly known as Saigon Ho Chi Minh City
89%
K City home to the Petronas Towers Kuala Lumpur
89%
P City on the Mekong River in Cambodia Phnom Penh
89%
S Largest city in Yemen Sana'a
89%
A Capital of Turkmenistan Ashgabat
88%
L Major city almost in India Lahore
87%
I City on the Bosporus Strait Istanbul
86%
U City that means Red Hero Ulan Bator
86%
X Capital of Shaanxi province Xian
84%
N Capital city of Myanmar Naypyidaw
79%
Y Japanese city with the same name as a tire brand Yokohama
71%
Q Most populous city in the Philippines Quezon City
65%
V Turkish city on a lake of the same name Van
29%
C Largest city on the Mekong River Delta Can Tho
13%
F City on Suruga Bay Fuji
11%
W Capital of the Gangwon province in South Korea Wonju
9%
E City formerly called Yanping Enping
8%
Z City in Iran close to the Pakistan/Afghanistan border Zahedan
8%
No matching quizzes found
Score Distribution
Percent of People with Each Score
Percentile by Number Answered
Your Score History
You have not taken this quiz since the last reset